000 00905nam a2200229 a 4500
001 BRCA_708
005 20190320203120.0
008 960904s1994 mx-a---##b---f000-0#spa-d
020 _a9682958237
040 _aMUA
_cMUA
_dDLC
050 4 _aNE2314
_b.N33 1994
245 1 0 _aNación de imágenes
_bla litografía mexicana del siglo XIX.
260 _aMéxico
_bCONACULTA : INBA : Amigos del Museo Nacional de Arte
_c1994
300 _a379 p.
_bil. (algunas a color)
_c33 cm.
_eAddenda: 15 p.
500 _aIncluye apéndice de los talleres litográficos del siglo XIX
500 _aCatálogo de la exposición realizada en el Museo Nacional de Arte, abril-junio, 1994
500 _a2do. ejemplar en el Área de Investigación
504 _aBibliografía: p. 151-155
650 1 4 _aLitografía mexicana
_vExposiciones
_ySiglo XIX
_92333
651 4 _aMéxico
_vExposiciones
_xEn el arte
_92334
942 _2lcc
_cB
999 _c611
_d611